| 000 | 00785nam a2200229 a 4500 | ||
|---|---|---|---|
| 001 | BRCA_2882 | ||
| 005 | 20190320204019.0 | ||
| 008 | 111208s1914----nyua---###---#000-0#eng-u | ||
| 050 | 4 |
_aF1234 _b.Z39 1914 |
|
| 100 | 1 |
_aZayas Enriquez, Rafael de _d1848-1932 _98038 |
|
| 245 | 1 | 0 |
_aThe case of México and the policy of President Wilson _cby Rafael de Zayas Enriquez ; tr. from the Spanish by Andre Tridon. |
| 260 |
_aNew York _bA. and C. Boni _c1914 |
||
| 300 |
_a209 p. _bil., retratos _c20 cm. |
||
| 500 | _aIncluye lista de ilustraciones. | ||
| 500 | _aB22 | ||
| 651 | 4 |
_aMéxico _xRelaciones exteriores _98039 |
|
| 651 | 4 |
_aEstados Unidos _xRelaciones exteriores _98040 |
|
| 651 | 4 |
_aMéxico _xHistoria _9614 |
|
| 700 | 1 |
_aTridon, Andre _etr _98041 |
|
| 902 | _aGFM | ||
| 942 |
_2lcc _cB |
||
| 999 |
_c2621 _d2621 |
||